| 000 | 00413nam a2200145Ia 4500 | ||
|---|---|---|---|
| 008 | 230917s9999||||xx |||||||||||||| ||und|| | ||
| 040 |
_e50766 _aMAIN |
||
| 041 | _aEnglish | ||
| 082 | _a181.943 R896E:P | ||
| 100 | _aFreund, Else-Rahel | ||
| 245 | 0 | _aFrang Rosenzweig's philosophy of existence: an analysis of the star of redemption | |
| 260 |
_aHague _bMartinus _c1979 |
||
| 300 | _aviii, 189 p. | ||
| 942 | _cBK | ||
| 999 |
_c210408 _d210408 |
||